000 00768nam a2200289Ia 4500
005 20260324112556.0
008 008 260324s9999 xx 000 0 eng d
020 _a9781003474630
037 _aEBOOK
040 _aCRL
040 _beng
040 _cCRL
041 _2eng
041 _aeng
084 _qCRL
100 _aPatience Tunji-Olayeni; Clinton Aigbavboa; Abimbola Windapo; Ayodeji Oke
_91143273
245 0 _aWomen in Construction
245 0 _bTowards a more equal, diverse, and inclusive built environment sector
260 _bTaylor and Francis
260 _c2024
365 _a
365 _b320
856 _uhttp://www.taylorfrancis.com/books/9781003474630
942 _cEBOOK
999 _c1732528
_d1732528